The nurture and evangelism of children. (Record no. 9091)

000 -LEADER
fixed length control field 00599nam a2200193 a 4500
001 - CONTROL NUMBER
control field :::00006872$&:&@@
003 - CONTROL NUMBER IDENTIFIER
control field OkBaRHE
005 - DATE AND TIME OF LATEST TRANSACTION
control field 20000607103333.0
008 - FIXED-LENGTH DATA ELEMENTS--GENERAL INFORMATION
fixed length control field s1959 j 000 0 eng u
040 ## - CATALOGING SOURCE
Transcribing agency
100 1# - MAIN ENTRY--PERSONAL NAME
Personal name Yoder, Gideon G.
245 14 - TITLE STATEMENT
Title The nurture and evangelism of children.
260 ## - PUBLICATION, DISTRIBUTION, ETC. (IMPRINT)
Place of publication, distribution, etc Scottdale, PA., :
Name of publisher, distributor, etc Herald Press
Date of publication, distribution, etc c1959
300 ## - PHYSICAL DESCRIPTION
Extent 188 p. ;
Dimensions 20 cm.
650 ## - SUBJECT ADDED ENTRY--TOPICAL TERM
Topical term or geographic name as entry element Church Work with Children
650 ## - SUBJECT ADDED ENTRY--TOPICAL TERM
Topical term or geographic name as entry element Religious Education of Children
942 ## - ADDED ENTRY ELEMENTS (KOHA)
Source of classification or shelving scheme
Koha item type Books
Copies
Date acquired Full call number Date last seen Copy number Barcode Price effective from Lost status Permanent Location Shelving location Damaged status Not for loan Source of classification or shelving scheme Koha item type Withdrawn status
2010-04-14BV 639 .C4Y62010-04-14168722010-04-14 RHEMA Bible Training CollegeGeneral Stacks   Books